[Event "Gatineau op"]
[Site "Gatineau CAN"]
[Date "2025.04.11"]
[Round "1.13"]
[White "Masse, Hugues"]
[Black "Hong, Zihan"]
[Result "1-0"]
[WhiteElo "2172"]
[BlackElo "1936"]
[WhiteFideId "-1"]
[WhiteFideId "-1"]
[PlyCount "275"]
[GameId "528881059269"]
[EventDate "2025.04.11"]
[EventType "swiss"]
[EventRounds "5"]
[EventCountry "CAN"]

1. d4 Nf6 2. Bf4 e6 3. e3 b6 4. Qf3 Nc6 5. Nc3 Bb7 6. O-O-O d5 7. g4 Bd6 8. g5 Ng8 9. Nge2 Nge7 10. h4 Nf5 11. h5 Bxf4 12. Qxf4 Qd6 13. Qf3 O-O-O 14. Bh3 Nce7 15. h6 g6 16. Nf4 Kb8 17. Nd3 Nc6 18. Kb1 a6 19. Qe2 Qe7 20. Rhg1 Ka7 21. f4 f6 22. Bxf5 exf5 23. gxf6 Qxf6 24. Qg2 Qe6 25. Rde1 a5 26. Nd1 Ba6 27. N1f2 Bxd3 28. Nxd3 Rhe8 29. Ne5 Nxe5 30. dxe5 Rd7 31. Rd1 Red8 32. c3 Re8 33. Rd2 c6 34. Rgd1 Red8 35. Qg5 Ka8 36. Rd3 Ka7 37. R1d2 Kb7 38. Qg1 Ka8 39. Qd1 Kb7 40. Qg1 Ka7 41. Qg2 Kb7 42. Rd1 Ka7 43. R3d2 Kb7 44. Rg1 Rg8 45. Qg5 Rgd8 46. Ka1 Ka7 47. Rgd1 Kb7 48. c4 Rf8 49. cxd5 cxd5 50. Qg2 Rfd8 51. a3 Qf7 52. Rc1 Rc7 53. Rcd1 Rcd7 54. Rd4 Qe6 55. R4d3 Qf7 56. Kb1 Qe6 57. Rc1 Rc7 58. Rxc7+ Kxc7 59. Qc2+ Kb7 60. Rc3 Qd7 61. Qb3 Qe6 62. Qc2 Qd7 63. Qg2 Qe6 64. Qg5 Rd7 65. Qg2 Rd8 66. Rc1 Rd7 67. Qc2 Re7 68. Qc3 Rf7 69. b4 axb4 70. axb4 Qd7 71. Kb2 Re7 72. Qd3 Re8 73. Ra1 Kb8 74. Qa6 Qb7 75. Qb5 Re7 76. Rd1 Rd7 77. e6 Rd6 78. Rd4 Rxe6 79. Rxd5 Qc6 80. Qxc6 Rxc6 81. Rd8+ Kb7 82. Rh8 Rc7 83. Re8 Kc6 84. Re6+ Kb7 85. Re5 Kc6 86. Kc3 Kd6+ 87. Kd4 Rc8 88. Rd5+ Ke6 89. Rb5 Rd8+ 90. Kc4 Rc8+ 91. Kb3 Rc6 92. Ka4 Kd6 93. Re5 Rc1 94. Kb5 Rc8 95. Kxb6 Rb8+ 96. Ka5 Ra8+ 97. Kb5 Rb8+ 98. Kc4 Rc8+ 99. Rc5 Re8 100. Kd3 Rb8 101. Rc4 Rb5 102. Rd4+ Kc6 103. Kc4 Rb8 104. Rd3 Rb7 105. Ra3 Re7 106. Rd3 Rb7 107. Rd8 Re7 108. Kd3 Kc7 109. Rg8 Kc6 110. Rg7 Re4 111. Rxh7 Rxb4 112. Rh8 Rb7 113. Rg8 Rh7 114. Rxg6+ Kd5 115. Rf6 Rd7 116. Rxf5+ Ke6+ 117. Ke4 Ra7 118. Rb5 Ra4+ 119. Kf3 Kf7 120. e4 Kg6 121. Rb6+ Kh7 122. e5 Ra3+ 123. Kg4 Ra1 124. Kf5 Ra5 125. Kg5 Rc5 126. Rb7+ Kh8 127. Kf6 Rc1 128. f5 Rc6+ 129. e6 Ra6 130. Kf7 Ra5 131. f6 Kh7 132. e7 Re5 133. e8=Q Rxe8 134. Kxe8+ Kxh6 135. Rg7 Kh5 136. f7 Kh6 137. f8=Q Kh5 138. Qh8# 1-0

[Event "Gatineau op"]
[Site "Gatineau CAN"]
[Date "2025.04.11"]
[Round "1.14"]
[White "Pitre, Lucas"]
[Black "Rousskikh, Maxim"]
[Result "1/2-1/2"]
[WhiteElo "1926"]
[BlackElo "2137"]
[WhiteFideId "-1"]
[WhiteFideId "-1"]
[PlyCount "91"]
[GameId "2169455075900939"]
[EventDate "2025.04.11"]
[EventType "swiss"]
[EventRounds "5"]
[EventCountry "CAN"]

1. Nf3 d5 2. g3 Nf6 3. Bg2 c6 4. O-O Bf5 5. c4 e6 6. Qb3 Qc8 7. d3 Be7 8. cxd5 exd5 9. Nc3 O-O 10. Bf4 Nbd7 11. Nd4 Nc5 12. Nxf5 Qxf5 13. Qc2 Ne6 14. e4 Qg6 15. Bd2 dxe4 16. dxe4 Rfd8 17. Rae1 Nd4 18. Qc1 Rd7 19. e5 Ng4 20. h3 Nh6 21. g4 Rad8 22. Be3 Qe6 23. f4 Bh4 24. f5 Ndxf5 25. gxf5 Nxf5 26. Bf2 Qg6 27. Ne4 Rd3 28. Rd1 Bxf2+ 29. Kxf2 Rxd1 30. Rxd1 Rxd1 31. Qxd1 Qxg2+ 32. Kxg2 Ne3+ 33. Kf3 Nxd1 34. b3 f5 35. exf6 gxf6 36. Nxf6+ Kf7 37. Ne4 Ke6 38. Nc5+ Kf5 39. Nxb7 Nc3 40. a4 Ne4 41. b4 Nc3 42. Na5 c5 43. bxc5 Nxa4 44. c6 Nb6 45. Nb7 Nc8 46. h4 1/2-1/2

[Event "Gatineau op"]
[Site "Gatineau CAN"]
[Date "2025.04.11"]
[Round "1.15"]
[White "Hoekman, Samuel"]
[Black "Wu, Ting En Ryan"]
[Result "1-0"]
[WhiteElo "2128"]
[BlackElo "1926"]
[WhiteFideId "-1"]
[WhiteFideId "-1"]
[PlyCount "61"]
[GameId "2167679229370638"]
[EventDate "2025.04.11"]
[EventType "swiss"]
[EventRounds "5"]
[EventCountry "CAN"]

1. d4 Nf6 2. c4 e6 3. g3 d5 4. Bg2 c6 5. Nf3 Bd6 6. O-O O-O 7. Nfd2 Nbd7 8. Nc3 e5 9. dxe5 Nxe5 10. cxd5 cxd5 11. Nxd5 Neg4 12. Nxf6+ Nxf6 13. Nc4 Bc5 14. Qc2 Re8 15. Be3 Qc7 16. Rac1 Ng4 17. Bxc5 Qxc5 18. Qa4 Be6 19. h3 Nf6 20. Na5 Qh5 21. h4 b5 22. Qb4 Rac8 23. Nc6 a6 24. Ne7+ Kh8 25. Nxc8 Bxc8 26. Bf3 Qe5 27. Qc5 Qe6 28. Rfd1 Qh3 29. Qc7 Ng4 30. Bxg4 Bxg4 31. Rd8 1-0

[Event "Gatineau op"]
[Site "Gatineau CAN"]
[Date "2025.04.11"]
[Round "1.16"]
[White "Lattafi, Youcef"]
[Black "St-Germain, Jack"]
[Result "0-1"]
[WhiteElo "1906"]
[BlackElo "2128"]
[WhiteFideId "-1"]
[WhiteFideId "-1"]
[PlyCount "115"]
[GameId "2167685495861526"]
[EventDate "2025.04.11"]
[EventType "swiss"]
[EventRounds "5"]
[EventCountry "CAN"]

1. e4 c5 2. Nf3 d6 3. d4 cxd4 4. Nxd4 Nf6 5. Nc3 Nc6 6. Bc4 Qb6 7. Nxc6 bxc6 8. O-O g6 9. Qe2 Nd7 10. Re1 Bg7 11. Bb3 Ba6 12. Qd1 O-O 13. Be3 Qc7 14. Bd4 e5 15. Be3 Nb6 16. a4 Nc4 17. Qd3 Nxe3 18. Qxa6 Ng4 19. Rad1 Rad8 20. a5 Nf6 21. Ba4 Rc8 22. b4 Nd7 23. Rd3 Bf6 24. Red1 Be7 25. Qc4 Kg7 26. Rf3 f5 27. Qe6 Nf6 28. exf5 d5 29. fxg6 e4 30. Rh3 hxg6 31. b5 Bc5 32. Rg3 Qf4 33. Rf1 Rfe8 34. Qh3 Nh5 35. Ne2 Qe5 36. Qd7+ Kh6 37. Rc3 d4 38. Rh3 Rc7 39. Qg4 d3 40. cxd3 exd3 41. Qf4+ Qg5 42. Qxg5+ Kxg5 43. Nc1 d2 44. Nb3 cxb5 45. Bxb5 Rb8 46. Be2 Nf4 47. Rg3+ Kh6 48. Bd1 Bb4 49. Rf3 Nd5 50. Rd3 Nf4 51. Rd4 Ne6 52. Re4 Nc5 53. Nxc5 Rxc5 54. a6 Rc1 55. Rh4+ Kg7 56. Bf3 Re8 57. Rxb4 Ree1 58. Rb7+ 0-1

[Event "Gatineau op"]
[Site "Gatineau CAN"]
[Date "2025.04.11"]
[Round "1.17"]
[White "Mok, Yuen Tak"]
[Black "Filion, Samuel"]
[Result "1-0"]
[WhiteElo "2121"]
[BlackElo "1904"]
[WhiteFideId "-1"]
[WhiteFideId "-1"]
[PlyCount "153"]
[GameId "2167747407887076"]
[EventDate "2025.04.11"]
[EventType "swiss"]
[EventRounds "5"]
[EventCountry "CAN"]

1. e4 e6 2. d4 d5 3. e5 c5 4. c3 Nc6 5. Nf3 Bd7 6. Be2 Nge7 7. Na3 Nf5 8. Nc2 cxd4 9. cxd4 Be7 10. O-O O-O 11. Bd3 f6 12. Bf4 fxe5 13. Nxe5 Nxe5 14. Bxe5 Bf6 15. Re1 Kh8 16. Qg4 Bxe5 17. Rxe5 Nh6 18. Qg3 Qf6 19. Rae1 Qf4 20. Rh5 Rac8 21. Qxf4 Rxf4 22. f3 Kg8 23. Re2 Rf6 24. Kf2 Be8 25. Rg5 Nf7 26. Rh5 g6 27. Rh4 Nd6 28. Ne3 h5 29. Ke1 Kg7 30. Rh3 Nb5 31. Nc2 Bd7 32. Rg3 Kh6 33. Re5 Rg8 34. Reg5 Nd6 35. Re5 Nb5 36. Bxb5 Bxb5 37. Kd2 Bd7 38. Rgg5 Rf5 39. Rexf5 exf5 40. f4 Re8 41. Rg3 Re4 42. Rf3 Bb5 43. Rf2 Kg7 44. g3 Kf7 45. Kc3 a6 46. b3 Ke6 47. a4 Bd7 48. Rd2 Kd6 49. Nb4 Re8 50. Nd3 Rc8+ 51. Kb2 Be8 52. Nc5 Rb8 53. Re2 Bf7 54. Kc3 a5 55. b4 b6 56. Nd3 Rc8+ 57. Kb3 axb4 58. Ne5 Be8 59. Kxb4 Ra8 60. Ra2 Ra7 61. a5 bxa5+ 62. Rxa5 Rxa5 63. Kxa5 Kc7 64. Ka6 Kd6 65. Kb6 Ba4 66. Nxg6 Bd1 67. Ne5 Be2 68. Nf7+ Ke6 69. Nd8+ Kd6 70. Nb7+ Kd7 71. Kc5 Bf3 72. Nd6 Ke6 73. Kc6 Bg2 74. Nb5 Bf3 75. Nc7+ Ke7 76. Kc5 Kd7 77. Nxd5 1-0

[Event "Gatineau op"]
[Site "Gatineau CAN"]
[Date "2025.04.11"]
[Round "1.18"]
[White "Murali, Dhruv"]
[Black "Pelev, Iassen"]
[Result "1-0"]
[WhiteElo "1976"]
[BlackElo "2110"]
[WhiteFideId "-1"]
[WhiteFideId "-1"]
[PlyCount "111"]
[GameId "2167751526480623"]
[EventDate "2025.04.11"]
[EventType "swiss"]
[EventRounds "5"]
[EventCountry "CAN"]

1. b3 d5 2. Bb2 c5 3. e3 Nf6 4. Nf3 e6 5. d4 cxd4 6. exd4 Be7 7. Bd3 O-O 8. O-O b6 9. Qe2 Bb7 10. Nbd2 Nc6 11. c3 Qc7 12. Ne5 Nxe5 13. dxe5 Nd7 14. Nf3 Nc5 15. Rac1 Nxd3 16. Qxd3 a5 17. Rfe1 a4 18. c4 Qb8 19. Qe3 dxc4 20. bxc4 Rd8 21. Ba3 Bxa3 22. Qxa3 Ra5 23. Rcd1 h6 24. Qe7 Re8 25. Qd6 Bxf3 26. gxf3 Qb7 27. Kg2 Rc8 28. Rb1 Qc6 29. Rxb6 Qxc4 30. Rb8 Rd5 31. Rxc8+ Qxc8 32. Qb4 Qc2 33. Qb1 Rd2 34. Qxc2 Rxc2 35. a3 Rc3 36. Re3 Rb3 37. f4 Kh7 38. Kf3 Kg6 39. Ke4 h5 40. Rxb3 axb3 41. Kd3 Kf5 42. a4 b2 43. Kc2 Ke4 44. Kxb2 Kd4 45. Kb3 Kc5 46. Kc3 h4 47. h3 g6 48. f3 Kd5 49. Kb4 Kc6 50. a5 Kc7 51. Kc5 Kd7 52. Kb6 Kc8 53. a6 Kb8 54. a7+ Ka8 55. Ka6 g5 56. fxg5 1-0

[Event "Gatineau op"]
[Site "Gatineau CAN"]
[Date "2025.04.12"]
[Round "2.1"]
[White "Rodrigue-Lemieux, Shawn"]
[Black "Azar, Sebastien"]
[Result "1-0"]
[WhiteElo "2628"]
[BlackElo "2176"]
[WhiteFideId "-1"]
[WhiteFideId "-1"]
[PlyCount "61"]
[GameId "2167767927700226"]
[EventDate "2025.04.11"]
[EventType "swiss"]
[EventRounds "5"]
[EventCountry "CAN"]

1. c4 e5 2. g3 Nf6 3. Bg2 d5 4. cxd5 Nxd5 5. Nf3 Nc6 6. O-O Be7 7. d4 exd4 8. Nxd4 Nxd4 9. Qxd4 Nf6 10. Qa4+ c6 11. Rd1 Qb6 12. Be3 Bc5 13. Bxc5 Qxc5 14. Nc3 O-O 15. Qd4 Qh5 16. Qb4 Re8 17. Rd2 Ng4 18. h3 Ne5 19. f4 a5 20. Qd4 Ng6 21. Kh2 Bg4 22. Re1 h6 23. Ne4 Re7 24. Qc5 f6 25. Kg1 Qxc5+ 26. Nxc5 Bc8 27. Rd8+ Kf7 28. Ne4 Rc7 29. Red1 Ne7 30. Nd6+ Kg6 31. Ne8 1-0

[Event "Gatineau op"]
[Site "Gatineau CAN"]
[Date "2025.04.12"]
[Round "2.2"]
[White "Bahmani, Amir Mohammad"]
[Black "Sambuev, Bator"]
[Result "1/2-1/2"]
[WhiteElo "2286"]
[BlackElo "2520"]
[WhiteFideId "-1"]
[WhiteFideId "-1"]
[PlyCount "117"]
[GameId "2167778097184135"]
[EventDate "2025.04.11"]
[EventType "swiss"]
[EventRounds "5"]
[EventCountry "CAN"]

1. e4 e5 2. Nf3 Nc6 3. Bc4 Nf6 4. d3 h6 5. Nc3 Bb4 6. O-O Bxc3 7. bxc3 d6 8. Re1 Na5 9. Bb3 Bg4 10. d4 Nxb3 11. axb3 Nd7 12. h3 Bxf3 13. Qxf3 O-O 14. Qd3 Re8 15. Bd2 a6 16. f4 exf4 17. Bxf4 Re6 18. Re3 Qh4 19. Rf1 Rae8 20. c4 Rf6 21. Ref3 Qh5 22. b4 Qg6 23. Rg3 Qh7 24. e5 Qxd3 25. Rxd3 dxe5 26. dxe5 Nxe5 27. Bxe5 Rxf1+ 28. Kxf1 Rxe5 29. Rd8+ Kh7 30. Rd7 c5 31. Rxb7 cxb4 32. Rxb4 Re6 33. Kf2 Kg6 34. c5 Kf6 35. Rb6 a5 36. c6 Re7 37. Ra6 Re5 38. Ra7 Ke6 39. Kf3 h5 40. c7 Kd7 41. c8=Q+ Kxc8 42. Rxf7 g5 43. c4 Kb8 44. g4 hxg4+ 45. Kxg4 a4 46. Rf3 Kc7 47. Ra3 Ra5 48. c5 Kc6 49. Kxg5 Kxc5 50. Ra1 Kb4+ 51. Kg6 a3 52. h4 a2 53. h5 Kb3 54. h6 Kb2 55. Rxa2+ Kxa2 56. h7 Ra8 57. Kg7 Kb3 58. h8=Q Rxh8 59. Kxh8 1/2-1/2

[Event "Gatineau op"]
[Site "Gatineau CAN"]
[Date "2025.04.12"]
[Round "2.3"]
[White "Berube, Antoine"]
[Black "Han, Johnathan"]
[Result "0-1"]
[WhiteElo "2172"]
[BlackElo "2467"]
[WhiteFideId "-1"]
[WhiteFideId "-1"]
[PlyCount "102"]
[GameId "2167780892511634"]
[EventDate "2025.04.11"]
[EventType "swiss"]
[EventRounds "5"]
[EventCountry "CAN"]

1. d4 Nf6 2. c4 e6 3. Nf3 d5 4. g3 dxc4 5. Bg2 c6 6. Ne5 Bb4+ 7. Nc3 Nd5 8. O-O b5 9. e4 Ne7 10. a4 f6 11. Ng4 O-O 12. axb5 e5 13. d5 cxb5 14. Nxb5 Qd7 15. Qa4 a5 16. Ne3 Ba6 17. Nc3 Nc8 18. Qd1 Nd6 19. f4 Qe7 20. fxe5 Qxe5 21. Ng4 Qe7 22. e5 fxe5 23. Rxf8+ Kxf8 24. h4 Nd7 25. Bg5 Qe8 26. Qe2 Kg8 27. Kh2 h6 28. Bd2 Qe7 29. Re1 Re8 30. Ne4 Nf5 31. Bxb4 axb4 32. Ra1 Bb5 33. Ra7 Qf8 34. Qe1 Nd4 35. Qe3 Nf5 36. Qe1 Rb8 37. Ne3 Nd4 38. Qd1 Nf6 39. Nxf6+ Qxf6 40. Qg4 c3 41. bxc3 bxc3 42. d6 Be2 43. Qd7 Bf3 44. Rc7 Bxg2 45. Nxg2 Nf3+ 46. Kh3 Rb1 47. Ne3 Ng1+ 48. Kh2 Nf3+ 49. Kh3 Rh1+ 50. Kg4 h5+ 51. Kxh5 Qg5# 0-1

[Event "Gatineau op"]
[Site "Gatineau CAN"]
[Date "2025.04.12"]
[Round "2.4"]
[White "Chiku-Ratte, Olivier-Kenta"]
[Black "Masse, Hugues"]
[Result "0-1"]
[WhiteElo "2432"]
[BlackElo "2172"]
[WhiteFideId "-1"]
[WhiteFideId "-1"]
[PlyCount "132"]
[GameId "2167959616158739"]
[EventDate "2025.04.11"]
[EventType "swiss"]
[EventRounds "5"]
[EventCountry "CAN"]

1. c4 e6 2. Nc3 d5 3. cxd5 exd5 4. d4 c6 5. Qc2 Bd6 6. Nf3 Ne7 7. Bg5 Bf5 8. Qxf5 Nxf5 9. Bxd8 Kxd8 10. e3 Bb4 11. a3 Bxc3+ 12. bxc3 Nd6 13. Nd2 Nd7 14. c4 dxc4 15. Nxc4 Nxc4 16. Bxc4 Ke7 17. O-O Rhe8 18. Rab1 Rab8 19. Rb2 Rec8 20. Rfb1 Rc7 21. Be2 c5 22. Rc1 Rbc8 23. Rbc2 Kd6 24. d5 f5 25. a4 Ne5 26. f4 Nd7 27. Bd3 g6 28. g4 Rf8 29. gxf5 gxf5 30. Rg2 Nb6 31. a5 Nc8 32. Rg5 Rcf7 33. Kf2 Ne7 34. Bc4 h6 35. Rh5 Rf6 36. Rg1 Rg8 37. Rxg8 Nxg8 38. Kf3 Ne7 39. e4 fxe4+ 40. Kxe4 Ng6 41. f5 Ne5 42. Bb5 Nf7 43. Be8 Ng5+ 44. Kf4 Kxd5 45. Bg6 Nf7 46. Bxf7+ Rxf7 47. Rxh6 c4 48. Rh8 b5 49. Rb8 Kc5 50. a6 c3 51. Ke4 Kc4 52. Rb7 Rf8 53. Rxa7 Re8+ 54. Kf3 c2 55. Rc7+ Kb3 56. f6 Kb2 57. f7 Rf8 58. a7 c1=Q 59. Rxc1 Kxc1 60. Ke4 b4 61. Kd5 b3 62. Kd6 Ra8 63. Kc6 Rf8 64. Kd6 Ra8 65. Kc6 b2 66. Kb7 Rf8 0-1

[Event "Gatineau op"]
[Site "Gatineau CAN"]
[Date "2025.04.12"]
[Round "2.5"]
[White "Latorre, Vincent"]
[Black "Hoekman, Samuel"]
[Result "1-0"]
[WhiteElo "2366"]
[BlackElo "2128"]
[WhiteFideId "-1"]
[WhiteFideId "-1"]
[PlyCount "59"]
[GameId "2167963458649118"]
[EventDate "2025.04.11"]
[EventType "swiss"]
[EventRounds "5"]
[EventCountry "CAN"]

1. e4 c5 2. Nf3 e6 3. d4 cxd4 4. Nxd4 Nc6 5. Nc3 Qc7 6. Be3 a6 7. g4 b5 8. Nxc6 Qxc6 9. Qd2 b4 10. Ne2 Qxe4 11. Rg1 Qc4 12. Nf4 Qc7 13. O-O-O Bb7 14. Bb6 Qc6 15. Bg2 d5 16. Bd4 Rc8 17. Rge1 Ne7 18. Kb1 a5 19. g5 Rd8 20. Bh3 Bc8 21. Nd3 Rg8 22. f4 g6 23. Ne5 Qb7 24. Ng4 Bg7 25. Nf6+ Bxf6 26. Bxf6 Bd7 27. Bg4 Rc8 28. Re3 d4 29. Qxd4 Nd5 30. Qxd5 1-0

[Event "Gatineau op"]
[Site "Gatineau CAN"]
[Date "2025.04.12"]
[Round "2.6"]
[White "St-Germain, Jack"]
[Black "Dukic, Zachary"]
[Result "0-1"]
[WhiteElo "2128"]
[BlackElo "2365"]
[WhiteFideId "-1"]
[WhiteFideId "-1"]
[PlyCount "50"]
[GameId "2167964982836262"]
[EventDate "2025.04.11"]
[EventType "swiss"]
[EventRounds "5"]
[EventCountry "CAN"]

1. e4 d6 2. d4 Nf6 3. Nc3 e5 4. Nf3 Nbd7 5. Bc4 Be7 6. O-O O-O 7. Re1 c6 8. a4 h6 9. a5 Re8 10. h3 Bf8 11. Be3 exd4 12. Bxd4 b5 13. axb6 Nxb6 14. Bb3 Be6 15. Bxe6 Rxe6 16. Bxf6 Rxf6 17. Nd4 Qc8 18. Qd3 a5 19. b3 g6 20. e5 dxe5 21. Rxe5 Rd6 22. Ne4 Rd8 23. Nf6+ Kh8 24. Qe4 Bg7 25. Re6 Rxd4 0-1

[Event "Gatineau op"]
[Site "Gatineau CAN"]
[Date "2025.04.12"]
[Round "2.7"]
[White "Gavrilin, Roman"]
[Black "Mok, Yuen Tak"]
[Result "1-0"]
[WhiteElo "2341"]
[BlackElo "2121"]
[WhiteFideId "-1"]
[WhiteFideId "-1"]
[PlyCount "49"]
[GameId "2167966813768879"]
[EventDate "2025.04.11"]
[EventType "swiss"]
[EventRounds "5"]
[EventCountry "CAN"]

1. e4 c6 2. Nc3 d5 3. Nf3 Bg4 4. h3 Bxf3 5. Qxf3 e6 6. Be2 Bc5 7. O-O Nd7 8. exd5 exd5 9. Re1 Ne7 10. Na4 Bd6 11. d4 Qa5 12. Nc3 O-O 13. Bd3 Qc7 14. h4 Ng6 15. Qf5 Rfe8 16. Bd2 Ndf8 17. h5 Ne7 18. Qg4 Qd7 19. Qf3 h6 20. Ne2 Bc7 21. Ng3 Qd6 22. Re2 Nd7 23. Rae1 Kf8 24. Re6 Ne5 25. R6xe5 1-0

[Event "Gatineau op"]
[Site "Gatineau CAN"]
[Date "2025.04.12"]
[Round "2.8"]
[White "Berube, Maximilien"]
[Black "Moses, Neil"]
[Result "1/2-1/2"]
[WhiteElo "2035"]
[BlackElo "2333"]
[WhiteFideId "-1"]
[WhiteFideId "-1"]
[PlyCount "134"]
[GameId "2167983776718007"]
[EventDate "2025.04.11"]
[EventType "swiss"]
[EventRounds "5"]
[EventCountry "CAN"]

1. d4 Nf6 2. c4 e6 3. Nc3 Bb4 4. Qc2 O-O 5. e4 d6 6. Bd3 e5 7. Nge2 exd4 8. Nxd4 Re8 9. Bd2 Bxc3 10. Bxc3 Nxe4 11. Bxe4 f5 12. O-O fxe4 13. Rae1 c5 14. Ne2 d5 15. cxd5 Qxd5 16. Ng3 Bf5 17. f3 Bg6 18. fxe4 Qxa2 19. Nf5 Bxf5 20. exf5 Nd7 21. Rd1 Qf7 22. f6 Nxf6 23. Bxf6 gxf6 24. Qxc5 Re6 25. Rd3 b6 26. Qf5 Rae8 27. Rdf3 Kh8 28. Qd5 Qe7 29. Qd4 Rf8 30. Qh4 Re4 31. Qh6 Re6 32. h3 Rf7 33. Rf5 Re1 34. Rxe1 Qxe1+ 35. Rf1 Qe5 36. Qd2 Qc5+ 37. Kh1 Qe7 38. Re1 Qd7 39. Qh6 Kg8 40. Rc1 Rf8 41. Qf4 Rf7 42. Qh6 Qe6 43. Rd1 Rf8 44. Qf4 Qe7 45. Rc1 Qe5 46. Qg4+ Kh8 47. Qd7 Rg8 48. Qd2 Qg5 49. Qc2 Qe5 50. Rf1 a5 51. Qf2 b5 52. Qxf6+ Qxf6 53. Rxf6 Rg3 54. Kg1 Rb3 55. Rf2 b4 56. Rf5 a4 57. Ra5 a3 58. bxa3 bxa3 59. Ra7 Kg8 60. Kh2 h6 61. h4 Kf8 62. g4 Rb2+ 63. Kg3 a2 64. Kf4 Rf2+ 65. Kg3 Rb2 66. Kf4 Rf2+ 67. Kg3 Rb2 1/2-1/2

[Event "Gatineau op"]
[Site "Gatineau CAN"]
[Date "2025.04.12"]
[Round "2.9"]
[White "Miranda Mesa, Elier"]
[Black "Murali, Dhruv"]
[Result "1-0"]
[WhiteElo "2516"]
[BlackElo "1976"]
[WhiteFideId "-1"]
[WhiteFideId "-1"]
[PlyCount "85"]
[GameId "2167986792086722"]
[EventDate "2025.04.11"]
[EventType "swiss"]
[EventRounds "5"]
[EventCountry "CAN"]

1. e4 c5 2. Nf3 Nc6 3. d4 cxd4 4. Nxd4 Nf6 5. Nc3 d6 6. Be2 g6 7. Be3 Bg7 8. Qd2 a6 9. O-O-O Nxd4 10. Bxd4 Be6 11. Kb1 O-O 12. h4 Qa5 13. Bxf6 Bxf6 14. Nd5 Qxd2 15. Nxf6+ Kg7 16. Nh5+ gxh5 17. Rxd2 Bg4 18. Bc4 Be6 19. Bd5 Ra7 20. Re1 b5 21. e5 Rd7 22. Bc6 Rdd8 23. exd6 Rxd6 24. Rxd6 exd6 25. Bf3 Bg4 26. Bd5 Be6 27. Bf3 Bg4 28. Re3 Rc8 29. Kc1 Rc5 30. Kd2 Bf5 31. c3 Bg6 32. b4 Rc7 33. Re8 Rd7 34. Bd5 Kf6 35. Ra8 Ke5 36. Bc6 Rc7 37. Rxa6 d5 38. Bxb5 d4 39. Rc6 dxc3+ 40. Kxc3 Rb7 41. a4 Be4 42. Rc5+ Kf6 43. Bc6 1-0

[Event "Gatineau op"]
[Site "Gatineau CAN"]
[Date "2025.04.12"]
[Round "2.10"]
[White "Fiset, Anais Chloe"]
[Black "Adam, Rafael"]
[Result "1-0"]
[WhiteElo "1932"]
[BlackElo "2318"]
[WhiteFideId "-1"]
[WhiteFideId "-1"]
[PlyCount "91"]
[GameId "2167989376687306"]
[EventDate "2025.04.11"]
[EventType "swiss"]
[EventRounds "5"]
[EventCountry "CAN"]

1. e4 c5 2. Nf3 a6 3. c4 Nc6 4. d4 cxd4 5. Nxd4 e5 6. Nxc6 bxc6 7. Nc3 Nf6 8. Bg5 Bc5 9. Bd3 Rb8 10. O-O d6 11. Qc2 h6 12. Bd2 O-O 13. h3 Nh5 14. Ne2 Bd7 15. a3 a5 16. Rab1 Bb6 17. b4 axb4 18. axb4 Qf6 19. c5 Bc7 20. Bc3 Qg5 21. Bd2 Qg6 22. Kh1 Rfe8 23. Be1 Rbd8 24. f4 dxc5 25. f5 Qg5 26. bxc5 Nf4 27. Nxf4 exf4 28. Rb7 Be5 29. Ba5 Rb8 30. Rxb8 Rxb8 31. Bc3 Qf6 32. Bxe5 Qxe5 33. Qd2 Qd4 34. Qxf4 Rb3 35. Bb1 Qxc5 36. f6 g5 37. Qc7 Be6 38. Ba2 Qb6 39. Qe7 Qa6 40. Rd1 Qxa2 41. Rd8+ Kh7 42. Rh8+ Kg6 43. Rxh6+ Kxh6 44. Qf8+ Kg6 45. Qg7+ Kh5 46. Qh7# 1-0

[Event "Gatineau op"]
[Site "Gatineau CAN"]
[Date "2025.04.12"]
[Round "2.11"]
[White "Gordon, David"]
[Black "Guillemette, Thomas"]
[Result "1-0"]
[WhiteElo "2287"]
[BlackElo "1930"]
[WhiteFideId "-1"]
[WhiteFideId "-1"]
[PlyCount "77"]
[GameId "2168001680457534"]
[EventDate "2025.04.11"]
[EventType "swiss"]
[EventRounds "5"]
[EventCountry "CAN"]

1. c4 e5 2. g3 Nf6 3. Bg2 Nc6 4. Nc3 Bc5 5. e3 O-O 6. Nge2 Re8 7. O-O e4 8. a3 a5 9. Qc2 Qe7 10. Nf4 Qe5 11. Nfd5 Nxd5 12. cxd5 Ne7 13. Qxe4 Qh5 14. d4 Bb6 15. d6 cxd6 16. Bf3 Qg6 17. Nd5 Qxe4 18. Bxe4 Nxd5 19. Bxd5 Bd8 20. Bd2 Rb8 21. b4 a4 22. b5 b6 23. Rfc1 Bb7 24. Bxb7 Rxb7 25. Rc8 Kf8 26. Rac1 Bf6 27. Bb4 Ra7 28. Bxd6+ Be7 29. Rxe8+ Kxe8 30. Rc8+ Bd8 31. Kf1 f6 32. Ke2 Rb7 33. Kd3 Ra7 34. Kc4 Rb7 35. Kb4 Ra7 36. h3 h6 37. e4 g6 38. f4 g5 39. f5 1-0

[Event "Gatineau op"]
[Site "Gatineau CAN"]
[Date "2025.04.12"]
[Round "2.12"]
[White "Rousskikh, Maxim"]
[Black "Lamontagne, Damien"]
[Result "1-0"]
[WhiteElo "2137"]
[BlackElo "1871"]
[WhiteFideId "-1"]
[WhiteFideId "-1"]
[PlyCount "61"]
[GameId "2168002927202118"]
[EventDate "2025.04.11"]
[EventType "swiss"]
[EventRounds "5"]
[EventCountry "CAN"]

1. d4 Nf6 2. Bg5 d5 3. e3 Bf5 4. Nf3 e6 5. Bd3 Bg6 6. O-O Bd6 7. Ne5 O-O 8. f4 Re8 9. Nd2 c5 10. Nxg6 hxg6 11. c3 Nbd7 12. Nf3 Rc8 13. Ne5 Qb6 14. Rf2 Be7 15. Qf3 Rc7 16. Raf1 Bd8 17. Qh3 Nf8 18. Bh4 a6 19. g4 N6d7 20. Bxd8 Rxd8 21. Qg3 Nxe5 22. fxe5 Rdd7 23. h4 Re7 24. h5 g5 25. h6 g6 26. h7+ Kh8 27. Rh2 Rc8 28. Qh3 Qd8 29. Qh6 f5 30. exf6 Rxh7 31. Qg7# 1-0

[Event "Gatineau op"]
[Site "Gatineau CAN"]
[Date "2025.04.12"]
[Round "2.13"]
[White "Iordanescu, Victor Nicolae"]
[Black "Zhu, Elber"]
[Result "1-0"]
[WhiteElo "1849"]
[BlackElo "2060"]
[WhiteFideId "-1"]
[WhiteFideId "-1"]
[PlyCount "75"]
[GameId "2168004657246030"]
[EventDate "2025.04.11"]
[EventType "swiss"]
[EventRounds "5"]
[EventCountry "CAN"]

1. Nf3 d5 2. g3 c5 3. Bg2 Nf6 4. O-O e6 5. d4 cxd4 6. Nxd4 e5 7. Nf3 Nc6 8. c4 Be6 9. Ng5 Be7 10. Nxe6 fxe6 11. Nc3 e4 12. Bg5 d4 13. Bxf6 gxf6 14. Nxe4 f5 15. Nd2 Qb6 16. a3 O-O-O 17. b4 h5 18. c5 Qb5 19. Rb1 d3 20. e3 Ne5 21. a4 Qd7 22. Qb3 h4 23. b5 Bxc5 24. Rfc1 b6 25. a5 Kb8 26. Rxc5 bxc5 27. a6 Qd6 28. b6 Rh7 29. f4 axb6 30. fxe5 Qc7 31. Qxe6 Ka7 32. Qxf5 hxg3 33. Nc4 gxh2+ 34. Kh1 Qg7 35. Nxb6 d2 36. Nc8+ Kxa6 37. Qe6+ Ka5 38. Qa2# 1-0

[Event "Gatineau op"]
[Site "Gatineau CAN"]
[Date "2025.04.12"]
[Round "2.14"]
[White "Page-Fortin, Mathieu"]
[Black "Pitre, Lucas"]
[Result "0-1"]
[WhiteElo "1981"]
[BlackElo "1926"]
[WhiteFideId "-1"]
[WhiteFideId "-1"]
[PlyCount "120"]
[GameId "2168048129748825"]
[EventDate "2025.04.11"]
[EventType "swiss"]
[EventRounds "5"]
[EventCountry "CAN"]

1. b3 e5 2. Bb2 Nc6 3. e3 Nf6 4. Bb5 Bd6 5. Na3 Na5 6. Be2 a6 7. c4 O-O 8. Nf3 Re8 9. Nc2 Nc6 10. O-O Bf8 11. d4 e4 12. Ne5 d6 13. Nxc6 bxc6 14. Qd2 d5 15. Rac1 a5 16. a4 Ng4 17. Ba3 Bxa3 18. Nxa3 Qd6 19. Bxg4 Bxg4 20. Nc2 Re6 21. c5 Qd7 22. Ne1 Rg6 23. f3 exf3 24. Nxf3 f6 25. Rce1 Bh3 26. Re2 Qe6 27. Kh1 Bg4 28. h3 Rh6 29. Kg1 Bf5 30. Qc3 Be4 31. Nd2 Rg6 32. Nxe4 Qxe4 33. Rf4 Qe6 34. Qd3 Rb8 35. Kf2 Rh6 36. Qa6 g5 37. Rf3 Rxb3 38. Qxa5 Qd7 39. e4 Rxf3+ 40. Kxf3 g4+ 41. hxg4 Rg6 42. exd5 Qxd5+ 43. Ke3 Rxg4 44. Qb4 Qe4+ 45. Kd2 Qxd4+ 46. Qxd4 Rxd4+ 47. Kc3 Rxa4 48. Re6 Kf7 49. Rxc6 Ra7 50. Kd4 Kg6 51. Kd5 Kf5 52. Re6 h5 53. Re8 Ra2 54. Rg8 h4 55. Rg7 Rc2 56. Kc6 Kf4 57. Rxc7 Rxg2 58. Rh7 Rg4 59. Kd7 f5 60. c6 Kg3 0-1